000 00553nam a2200217Ia 4500
003 OSt
005 20221007072752.0
006 a|||||r|||| 00| 0
007 ta
008 221006b |||||||| |||| 00| 0 eng d
024 _a27,304
037 _cTextual
040 _aFLL
_cFLL
_beng
041 _2eng
_aeng
082 _aZ6y7m:N,2, K2
245 0 _aSierra leone law reports
260 _aLondon
_bSweet &Maxwell Limited UK
_c1966
300 _axv,202p
_ccm.
942 _hZ6y7m:N,2, K2
_cTEXL
_2CC
999 _c1146933
_d1146933